| 000 | 01412nam a2200337 a 4500 | ||
|---|---|---|---|
| 001 | ebr10512152 | ||
| 003 | CaPaEBR | ||
| 006 | m u | ||
| 007 | cr cn||||||||| | ||
| 008 | 111213s2011 sz ad sb 000 0 eng d | ||
| 020 | _z9789290149668 | ||
| 020 | _z9789290149675 (e-book) | ||
| 040 |
_aCaPaEBR _cCaPaEBR |
||
| 035 | _a(OCoLC)769190113 | ||
| 043 | _aa-io--- | ||
| 050 | 1 | 4 |
_aHN703.5 _b.I53 2011eb |
| 245 | 0 | 0 |
_aIndonesia _h[electronic resource] : _breinforcing domestic demand in times of crisis / _cInternational Labour Organization, International Insitute for Labour Studies. |
| 260 |
_aGeneva : _bInternational Labour Office, _c2011. |
||
| 300 |
_axi, 113 p. : _bill. (some col.). |
||
| 490 | 1 | _aStudies on growth with equity | |
| 504 | _aIncludes bibliographical references. | ||
| 533 |
_aElectronic reproduction. _bPalo Alto, Calif. : _cebrary, _d2013. _nAvailable via World Wide Web. _nAccess may be limited to ebrary affiliated libraries. |
||
| 650 | 0 |
_aPublic welfare _zIndonesia. |
|
| 651 | 0 |
_aIndonesia _xSocial policy. |
|
| 655 | 7 |
_aElectronic books. _2local |
|
| 710 | 2 | _aInternational Labour Organization. | |
| 710 | 2 | _aInternational Institute for Labour Studies. | |
| 710 | 2 | _aebrary, Inc. | |
| 830 | 0 | _aStudies on growth with equity. | |
| 856 | 4 | 0 |
_uhttp://site.ebrary.com/lib/rucke/Doc?id=10512152 _zAn electronic book accessible through the World Wide Web; click to view |
| 999 |
_c223074 _d223074 |
||